000 00610nam a2200193I 4500
008
049 _aMAIN
090 _aHN65
_bTHE
110 2 _aCenter for the Study of Democratic Institutions.
245 1 4 _aThe establishment and all that:
_ba collection of major articles selected from the Center magazine.
260 _aSanta Barbara,
_c1970.
300 _a190 p. ;
_c21 cm.
651 0 _aUnited States
_xPolitics and government.
907 _a.b10234779
_b24-09-15
_c22-02-07
003
005 20230123134410.0
040 _cNUST
942 _cBOOKS
_kHN65
_mTHE
999 _c165242
_d165242